header

Training counselling supervisors (Record no. 89039)

MARC details
000 -LEADER
fixed length control field 01501nam a2200385 a 4500
082 04 - DEWEY DECIMAL CLASSIFICATION NUMBER
Classification number 158/.3/0715
245 00 - TITLE STATEMENT
Title Training counselling supervisors
260 ## - PUBLICATION, DISTRIBUTION, ETC. (IMPRINT)
Place of publication London ;
-- Thousand Oaks, Calif. :
Name of publisher SAGE Publications,
Year of publication 1999.
300 ## - PHYSICAL DESCRIPTION
Number of Pages ix, 237 p.
490 1# - SERIES STATEMENT
Series statement Counselling supervision
650 #0 - SUBJECT ADDED ENTRY--TOPICAL TERM
Topical Term Counselor educators
Topical Term Counselors
Topical Term Counseling
700 1# - ADDED ENTRY--PERSONAL NAME
Personal name Holloway, Elizabeth.
Personal name Carroll, Michael.
856 40 - ELECTRONIC LOCATION AND ACCESS
Uniform Resource Identifier http://site.ebrary.com/lib/rucke/Doc?id=10392787

No items available.

© 2026 Rongo University
Contact us: librarian | system librarian | Rongo university